000 01024cam a22002774a 4500
001 12427936
003 OSt
005 20230704104204.0
008 010531s2001 dcu b 000 0 eng
010 _a 2001026780
020 _a0821348884
040 _aDLC
_cDLC
_dDLC
042 _apcc
082 0 0 _a340.11
_bPUY
245 0 0 _aComprehensive legal and judicial development :
_btoward an agenda for a just and equitable society in the 21st century /
_cedited by Rudolf V. van Puymbroeck.
260 _aWashington, D.C. :
_bWorld Bank,
_cc2001.
300 _axv, 447 p. ;
_c23 cm.
504 _aIncludes bibliographical references.
650 0 _aJustice, Administration of.
650 0 _aEquality before the law.
650 0 _aSocial justice.
700 1 _aVan Puymbroeck, Rudolf V.,
_d1945-
906 _a7
_bcbc
_corignew
_d1
_eocip
_f19
_gy-gencatlg
942 _2ddc
_cBK
999 _c3664
_d3664